Statistics for Guess the Vegetable by Picture Quiz

Click here to take the quiz!

General Stats

  • This quiz has been taken 63 times
  • The average score is 13 of 19

Answer Stats

Answer% Correct
Carrot
98%
Broccoli
93%
Cauliflower
88%
Ginger
86%
Sweet Potato
85%
Cabbage
83%
Radish
83%
Green Onion
80%
Asparagus
76%
Celery
69%
Kale
66%
Parsley
66%
Spinach
63%
Artichoke
54%
Beetroot
53%
Okra
47%
Turnip
39%
Parsnip
36%
Bok Choy
24%

Score Distribution

Percentile by Number Answered

Percent of People with Each Score

Your Score History

You have not taken this quiz